Paroles The Chemicals - Tip Stevens - Statistiques

Statistiques générales
  • Ce quiz a été pris 66 fois
  • Le résultat moyen est 228 sur 292
Statistiques - réponses
Lyrics % Correct
a
100%
chemicals
100%
chemicals,
100%
Chemicals,
100%
I
100%
it
100%
The
100%
the
100%
to
97%
you
97%
climb
94%
have
94%
Higher,
94%
Higher
94%
higher,
94%
higher
94%
No
94%
We
94%
we
94%
Can
91%
can
91%
now
91%
Now
91%
be
88%
it's
88%
It's
88%
Hey,
85%
in
82%
late
82%
my
82%
so
82%
So
82%
too
82%
wait
82%
Oh
79%
take
79%
And
76%
away
76%
breath
76%
Cause
76%
Than
76%
could
73%
all
70%
before
70%
Before
70%
can't
70%
we're
70%
were
70%
what
70%
believe
67%
days
67%
days,
67%
see
67%
time
67%
today
67%
when
67%
But
64%
happening
64%
if
64%
say
64%
we'll
64%
We'll
64%
will
64%
already
61%
long
61%
me
61%
break
58%
down
58%
Just
58%
need
58%
rainy
58%
save
58%
ago
55%
Because
55%
Enjoy
55%
fades
55%
is
55%
slow
55%
still
55%
try
55%
view
55%
only
52%
something
52%
been
48%
change
48%
fix
48%
for
48%
inside
45%
Trust
45%
trust
45%
above
42%
clouds
42%
erase
42%
fog
42%
gonna
42%
how
42%
wish
42%
would
42%
journey
39%
fall
36%
first
36%
thought
36%
heard
33%
miss
33%
made
30%
mistakes
30%
wonder
30%
rule
27%
told
21%
Didn't
15%
Aucun quiz correspondant
Distribution des résultats
% des personnes avec chaque résultat
Percentile par nombre de réponses
Votre historique - résultats
Vous n’avez pas pris ce quiz